8th Habit: From Effectiveness to Greatness [urdu] (Record no. 325934)

000 -LEADER
fixed length control field 00313 a2200133 4500
001 - CONTROL NUMBER
control field 90861
082 ## - DEWEY DECIMAL CLASSIFICATION NUMBER
Classification number 158 COV
090 ## - LOCALLY ASSIGNED LC-TYPE CALL NUMBER (OCLC); LOCAL CALL NUMBER (RLIN)
-- 43033
-- 43033
100 ## - MAIN ENTRY--PERSONAL NAME
Personal name Stephen R Covey
245 ## - TITLE STATEMENT
Title 8th Habit: From Effectiveness to Greatness [urdu]
Statement of responsibility, etc. Stephen R Covey
Number of part/section of a work Urdu
250 ## - EDITION STATEMENT
Edition statement 1st
260 ## - PUBLICATION, DISTRIBUTION, ETC.
Date of publication, distribution, etc. 2012
300 ## - PHYSICAL DESCRIPTION
Extent 112
942 ## - ADDED ENTRY ELEMENTS (KOHA)
Institution code [OBSOLETE] CAE NUST
Call number prefix 158 COV
Holdings
Withdrawn status Lost status Damaged status Not for loan Collection code Permanent Location Current Location Date acquired Total Checkouts Full call number Barcode Date last seen Price effective from Koha item type
          College of Aeronautical Engineering (CAE) College of Aeronautical Engineering (CAE) 04/03/2017   158 COV CAE86181 04/05/2017 04/05/2017 Book
© 2023 Central Library, National University of Sciences and Technology. All Rights Reserved.